| 000 | 00538nam a2200193Ia 4500 | ||
|---|---|---|---|
| 005 | 20250508152205.0 | ||
| 008 | 008 250505s9999 xx 000 0 eng d | ||
| 037 | _aTextual | ||
| 040 |
_aFEDL _beng _cFEDL |
||
| 041 |
_aeng _2eng |
||
| 084 |
_a332.4, TEW _qFEDL |
||
| 100 | _aTew Brian | ||
| 245 | 0 | _aInternational monetary co-operation 1945-56 | |
| 260 |
_aLondon, UK _bHutchinson's University Library _c1952 |
||
| 300 | _axi,190p. | ||
| 650 | _aEconomics | ||
| 942 |
_cTEXL _h332.4, TEW |
||
| 999 |
_c1334872 _d1334872 |
||